000 00798cam a2200289 4500
008 090401t1996 xxu||||| |||| 00| 0 eng d
020 _a0793122260
035 _a(Sirsi) u87618
041 _aeng
050 _a332.63240973
100 _aGreer, Gaylon E.
245 _aInvestment analysis for real estate decisions.
250 _a4th ed.
260 _aChicago, IL
_bDearborn Financial Publishing Inc.
_c1996
300 _axxii,503p. ; 24cm.
350 _a65
650 _aINVESTMENT ANALYSIS
650 _aINVESTMENT PERFORMANCE
650 _aPROPERTY INVESTMENT
650 _aREITS
650 _aREITS
650 _aRISK
650 _aUNITED STATES
690 _aPROPERTY-COMMERCIAL PROPERTY-COMMERCIAL PROPERTY FINANCE AND INVESTMENT
942 _n0
948 _c23/07/1998
999 _c97254
_d97254